[Event "4NCL/Div2/GD-NID"]
[Site "Rd9-Birmingham"]
[Date "2000.04.29"]
[Round "9.8"]
[White "Johnston, Lowri"]
[Black "Blackburn, Suzie"]
[Result "1-0"]
[WhiteElo "1413"]
[BlackElo "1492"]
[PlyCount "99"]
[EventDate "2000.04.29"]

1. e4 e6 2. d4 d5 3. Nc3 Nf6 4. e5 Nfd7 5. f4 c5 6. Nf3 Nc6 7. Be3 Qb6 8. Na4
Qa5+ 9. c3 c4 10. b4 cxb3 11. axb3 Qc7 12. Bd3 Be7 13. O-O O-O 14. Ng5 h6 15.
Qh5 Qd8 16. Rf3 Qe8 17. Rh3 Kh8 18. Nh7 Rg8 19. f5 f6 20. fxe6 Qxh5 21. Rxh5
Nf8 22. Nxf8 Rxf8 23. exf6 Rxf6 24. Rxd5 Bxe6 25. Rb5 Nd8 26. Nb6 a6 27. d5 Bf7
28. Rba5 Ra7 29. Nd7 Ra8 30. Nxf6 Bxf6 31. Rc1 Rc8 32. c4 Bh5 33. Rf1 Nf7 34.
d6 Ne5 35. Bf5 Rd8 36. Bf4 Nc6 37. Rd5 Bf7 38. Rd3 Nb4 39. Rdd1 b5 40. cxb5
axb5 41. d7 Nd5 42. Bd2 Bd4+ 43. Kh1 Bb6 44. Rde1 Nf6 45. Re7 Bxb3 46. Bg6 Bc5
47. Re8+ Nxe8 48. dxe8=Q+ Rxe8 49. Bxe8 Bc4 50. Rf5 1-0

[Event "4NCL/Div2/BR2-BCCA"]
[Site "Rd10-Birmingham"]
[Date "2000.04.30"]
[Round "10.1"]
[White "McFarland, Robert"]
[Black "Toothill, John"]
[Result "1/2-1/2"]
[WhiteElo "2260"]
[BlackElo "2226"]
[PlyCount "81"]
[EventDate "2000.04.30"]

1. Nf3 Nf6 2. g3 g6 3. Bg2 Bg7 4. c4 O-O 5. O-O d5 6. d4 dxc4 7. Na3 c3 8. bxc3
c5 9. Ne5 Nbd7 10. Nec4 Nb6 11. e4 Nxc4 12. Nxc4 cxd4 13. cxd4 Be6 14. Ne3 Qd7
15. Ba3 Rfe8 16. d5 Bh3 17. e5 Bxg2 18. Kxg2 Ne4 19. Qd4 Nd6 20. Bb2 Nb5 21.
Qb4 Nc7 22. Rfd1 Na6 23. Qd4 Qb5 24. Rac1 Rac8 25. Ba3 Rxc1 26. Rxc1 b6 27. Rc2
h5 28. f4 Qa5 29. Qc3 Qxc3 30. Rxc3 f6 31. d6 exd6 32. exd6 Rd8 33. Nd5 Nc5 34.
Ne7+ Kf7 35. Bxc5 bxc5 36. Rxc5 Rxd6 37. Rc7 Rd2+ 38. Kf3 Bf8 39. Nc8+ Ke6 40.
a4 Rxh2 41. Nxa7 1/2-1/2

[Event "4NCL/Div2/BR2-BCCA"]
[Site "Rd10-Birmingham"]
[Date "2000.04.30"]
[Round "10.2"]
[White "Stephenson, F Norman"]
[Black "Jakubovics, Nick"]
[Result "1-0"]
[WhiteElo "2221"]
[BlackElo "2238"]
[PlyCount "113"]
[EventDate "2000.04.30"]

1. d4 d5 2. c4 e6 3. Nc3 c6 4. e3 Nf6 5. Nf3 Nbd7 6. Qc2 Bd6 7. Bd3 O-O 8. O-O
e5 9. cxd5 cxd5 10. e4 dxe4 11. Nxe4 Nxe4 12. Bxe4 h6 13. Be3 exd4 14. Bh7+ Kh8
15. Bxd4 Nf6 16. Bf5 Nd5 17. Rad1 Nb4 18. Qd2 Kg8 19. Bxc8 Rxc8 20. Bc3 Nxa2
21. Qxd6 Qxd6 22. Rxd6 Nxc3 23. bxc3 Rxc3 24. Rd7 Rb3 25. Nd2 Rb2 26. Rc1 a5
27. Kf1 b5 28. Rb1 Rxb1+ 29. Nxb1 b4 30. Nd2 a4 31. Ra7 a3 32. Ra4 Rb8 33. Ke2
g5 34. Kd1 Kg7 35. Nb3 h5 36. Kc2 Rb6 37. Nd4 g4 38. Kb3 f6 39. Rxb4 a2 40. Nc2
Re6 41. Kxa2 Re2 42. Rb2 Rxf2 43. Ne3 Rf4 44. g3 Rf3 45. Ng2 Kh6 46. Rd2 Rc3
47. Kb2 Rc5 48. Rc2 Ra5 49. Kc3 Rc5+ 50. Kd3 Ra5 51. Ke3 Kg6 52. Nf4+ Kh6 53.
Rd2 Re5+ 54. Kd4 Ra5 55. Kc4 h4 56. Rd5 Ra4+ 57. Kb3 1-0

[Event "4NCL/Div2/BR2-BCCA"]
[Site "Rd10-Birmingham"]
[Date "2000.04.30"]
[Round "10.3"]
[White "Collier, David"]
[Black "Wise, David"]
[Result "1-0"]
[WhiteElo "2215"]
[BlackElo "2145"]
[PlyCount "77"]
[EventDate "2000.04.30"]

1. d4 d5 2. Bg5 g6 3. Nf3 Bg7 4. e3 Nf6 5. Nbd2 O-O 6. Bd3 c5 7. c3 Nbd7 8. O-O
b6 9. b4 a5 10. bxc5 bxc5 11. Qe2 Qc7 12. Bf4 Qa7 13. h3 Ba6 14. Bxa6 Qxa6 15.
Qxa6 Rxa6 16. Rab1 Rc8 17. a4 Nb6 18. Ra1 Nfd7 19. Rfb1 Bf8 20. Rb5 cxd4 21.
cxd4 e6 22. Ne5 Nxe5 23. Bxe5 Bb4 24. Nb3 Nd7 25. Bf4 Rc3 26. Rb7 Rxb3 27. Rxd7
Rc6 28. Rd8+ Kg7 29. Be5+ Kh6 30. Rd7 f5 31. h4 g5 32. hxg5+ Kxg5 33. f4+ Kh6
34. Kf2 Rc2+ 35. Kf3 Bf8 36. Rf7 Rbb2 37. Rf1 Rxg2 38. Rxf8 Rh2 39. Rg8 1-0

[Event "4NCL/Div2/BR2-BCCA"]
[Site "Rd10-Birmingham"]
[Date "2000.04.30"]
[Round "10.4"]
[White "Spence, David"]
[Black "Easton, Alex"]
[Result "1/2-1/2"]
[WhiteElo "2160"]
[BlackElo "2165"]
[PlyCount "45"]
[EventDate "2000.04.30"]

1. e4 e6 2. d4 d5 3. Nc3 Bb4 4. e5 c5 5. a3 Bxc3+ 6. bxc3 Ne7 7. Qg4 Qc7 8.
Qxg7 Rg8 9. Qxh7 cxd4 10. Ne2 Nbc6 11. f4 Bd7 12. Qd3 dxc3 13. Ng3 O-O-O 14.
Qxc3 Nf5 15. Nxf5 exf5 16. g3 Qb6 17. Qb2 Qc5 18. Rb1 b6 19. Qb5 Qxc2 20. Qd3
Qxd3 21. Bxd3 Na5 22. Ba6+ Kb8 23. Bd2 1/2-1/2

[Event "4NCL/Div2/BR2-BCCA"]
[Site "Rd10-Birmingham"]
[Date "2000.04.30"]
[Round "10.5"]
[White "Dilleigh, Stephen"]
[Black "Gough, Michael"]
[Result "1-0"]
[WhiteElo "2186"]
[BlackElo "2135"]
[PlyCount "83"]
[EventDate "2000.04.30"]

1. c4 Nf6 2. g3 g6 3. Bg2 Bg7 4. Nc3 e5 5. e4 O-O 6. Nge2 Nc6 7. O-O d6 8. f4
Nd4 9. Nxd4 exd4 10. Ne2 Nd7 11. d3 f5 12. exf5 gxf5 13. h3 c5 14. b4 Rb8 15.
bxc5 dxc5 16. Rb1 Nf6 17. Bd2 Re8 18. Kh2 Qc7 19. Ng1 Bd7 20. Nf3 Bc6 21. Nh4
Bxg2 22. Kxg2 Qd7 23. Qf3 Re7 24. Rfe1 Rbe8 25. Rxe7 Rxe7 26. Re1 Rxe1 27. Bxe1
Bf8 28. a4 b6 29. a5 bxa5 30. Bxa5 Kg7 31. Qe2 Bd6 32. Kh2 Ng8 33. Qh5 Ne7 34.
Qg5+ Kf7 35. Qh5+ Kg7 36. Qg5+ Kf7 37. Qh6 Qa4 38. Bd8 Qc2+ 39. Ng2 Nc8 40.
Qxh7+ Ke6 41. Bg5 Qxd3 42. Qg8+ 1-0

[Event "4NCL/Div2/BR2-BCCA"]
[Site "Rd10-Birmingham"]
[Date "2000.04.30"]
[Round "10.7"]
[White "Tidman, Sophie"]
[Black "Milnes, Anthony"]
[Result "1-0"]
[WhiteElo "2072"]
[BlackElo "2056"]
[PlyCount "103"]
[EventDate "2000.04.30"]

1. e4 e6 2. Nf3 d5 3. e5 c5 4. b4 cxb4 5. a3 Nc6 6. axb4 Bxb4 7. c3 Ba5 8. d4
f5 9. Ba3 Nge7 10. Bb5 Bb6 11. O-O O-O 12. Qc1 Bd7 13. Qg5 Rf7 14. Bd3 Qe8 15.
h4 Bd8 16. h5 h6 17. Qh4 Kh8 18. Bc1 Ng8 19. Qh3 Rf8 20. Na3 Qf7 21. Nh2 Be8
22. Be2 Bg5 23. f4 Be7 24. g4 g6 25. hxg6 Qxg6 26. Rf2 Bxa3 27. Bxa3 Nge7 28.
Rg2 Rg8 29. Bf3 Qh7 30. Raa2 Rg6 31. gxf5 Nxf5 32. Ng4 Bf7 33. Nf6 Qg7 34. Bg4
Rxf6 35. Bxf5 Rxf5 36. Rxg7 Kxg7 37. Rh2 h5 38. Bc1 Rg8 39. Be3 Kf8+ 40. Rg2
Rxg2+ 41. Kxg2 Ke8 42. Kf3 Na5 43. Bf2 Nc4 44. Bh4 a5 45. Qg2 Kd7 46. Qg7 Kc6
47. Qf8 a4 48. Qc8+ Kb6 49. Qb8 Ka6 50. Qa8+ Kb6 51. Bd8+ Kc6 52. Qc8+ 1-0

[Event "4NCL/Div2/BR2-BCCA"]
[Site "Rd10-Birmingham"]
[Date "2000.04.30"]
[Round "10.8"]
[White "Khoo, Teresa"]
[Black "Richards, John"]
[Result "1/2-1/2"]
[WhiteElo "1456"]
[BlackElo "2048"]
[PlyCount "61"]
[EventDate "2000.04.30"]

1. e4 c5 2. Nf3 Nc6 3. d4 cxd4 4. Nxd4 g6 5. Be3 Bg7 6. Nc3 Nf6 7. Be2 O-O 8.
O-O d5 9. exd5 Nb4 10. Nf3 Nbxd5 11. Nxd5 Nxd5 12. Bd4 Nf4 13. Bc4 Bg4 14. Bxg7
Qxd1 15. Raxd1 Kxg7 16. Rd4 Nh3+ 17. Kh1 Bxf3 18. gxf3 Rad8 19. Re4 Ng5 20.
Rxe7 Nxf3 21. Bd3 Rb8 22. Kg2 Kf6 23. Re3 Ne5 24. Rfe1 Rfe8 25. Bb5 Re7 26. Rd1
a6 27. Be2 Rbe8 28. Rd4 Nc6 29. Rd6+ Kg7 30. Rxe7 Rxe7 31. Bd3 1/2-1/2

[Event "4NCL/Div2/IIT2-TWR"]
[Site "Rd10-Birmingham"]
[Date "2000.04.30"]
[Round "10.1"]
[White "Cooper, Andrew G"]
[Black "Townsend, Paul"]
[Result "1/2-1/2"]
[WhiteElo "2151"]
[BlackElo "2224"]
[PlyCount "64"]
[EventDate "2000.04.30"]

1. d4 Nf6 2. c4 e6 3. Nc3 Bb4 4. Qc2 Nc6 5. Nf3 d5 6. Bg5 h6 7. Bh4 g5 8. Bg3
g4 9. Ne5 Nxd4 10. Qa4+ Bd7 11. Nxd7 Nxd7 12. O-O-O Bxc3 13. bxc3 Nc6 14. cxd5
Nb6 15. Qe4 Nxd5 16. e3 Qe7 17. Kb2 O-O-O 18. Qa4 Nb6 19. Qxg4 Rxd1 20. Qxd1
Rd8 21. Qb3 Qd7 22. Bb5 Qd2+ 23. Qc2 Na5 24. Rc1 a6 25. Be2 Nac4+ 26. Ka1 Na3
27. Qb2 Nac4 28. Bxc4 Nxc4 29. Qb1 Na3 30. Qb2 Nc4 31. Qb1 Na3 32. Qb2 Nc4
1/2-1/2

[Event "4NCL/Div2/IIT2-TWR"]
[Site "Rd10-Birmingham"]
[Date "2000.04.30"]
[Round "10.2"]
[White "White, Mark"]
[Black "Howell, Chris"]
[Result "1/2-1/2"]
[WhiteElo "2144"]
[BlackElo "2160"]
[PlyCount "55"]
[EventDate "2000.04.30"]

1. e4 c5 2. Nf3 Nc6 3. d4 cxd4 4. Nxd4 Nf6 5. Nc3 e5 6. Ndb5 d6 7. Bg5 a6 8.
Na3 b5 9. Nd5 Be7 10. Bxf6 Bxf6 11. c3 O-O 12. Nc2 Rb8 13. Be2 Bg5 14. Nce3 f5
15. exf5 Bxf5 16. Nxf5 Rxf5 17. O-O e4 18. Bg4 Re5 19. f4 exf3 20. Qxf3 Ne7 21.
Rad1 Nxd5 22. Rxd5 Bf6 23. Rfd1 Qb6+ 24. Qf2 Qxf2+ 25. Kxf2 Rxd5 26. Be6+ Kf8
27. Bxd5 b4 28. Bb3 1/2-1/2

[Event "4NCL/Div2/IIT2-TWR"]
[Site "Rd10-Birmingham"]
[Date "2000.04.30"]
[Round "10.3"]
[White "Lock, Gavin"]
[Black "Waters, Clive"]
[Result "1-0"]
[WhiteElo "2103"]
[BlackElo "2158"]
[PlyCount "57"]
[EventDate "2000.04.30"]

1. e4 e5 2. Nf3 Nc6 3. Bb5 a6 4. Bxc6 dxc6 5. O-O f6 6. d4 exd4 7. Nxd4 c5 8.
Nb3 Qxd1 9. Rxd1 Bg4 10. f3 Be6 11. Bf4 c4 12. Nd4 O-O-O 13. Nc3 Bf7 14. Nf5
Rxd1+ 15. Rxd1 g6 16. Ne3 Bc5 17. Kf2 Ne7 18. Ke2 c6 19. Ng4 f5 20. Ne5 Be6 21.
Na4 Ba7 22. Rd6 fxe4 23. Rxe6 Nd5 24. Bg3 exf3+ 25. gxf3 Nc7 26. Re7 Nb5 27.
Nxc4 Nd4+ 28. Kd3 Rf8 29. Nab6+ 1-0

[Event "4NCL/Div2/IIT2-TWR"]
[Site "Rd10-Birmingham"]
[Date "2000.04.30"]
[Round "10.4"]
[White "Jobe, Mopati"]
[Black "Stille, Alex"]
[Result "1/2-1/2"]
[WhiteElo "2180"]
[BlackElo "1768"]
[PlyCount "207"]
[EventDate "2000.04.30"]

1. d4 d5 2. c4 c6 3. Nf3 Nf6 4. Nc3 dxc4 5. a4 Bf5 6. Bf4 e6 7. e3 Nd5 8. Bg3
Bb4 9. Rc1 Qa5 10. Qd2 Nf6 11. Bxc4 Ne4 12. Qe2 Nxc3 13. bxc3 Bxc3+ 14. Kf1 O-O
15. Ne5 Bb4 16. h4 h6 17. e4 Bh7 18. Bf4 Qd8 19. Rd1 Nd7 20. Qg4 Nf6 21. Qf3
Bxe4 22. Qb3 a5 23. Rh3 Nd5 24. Bc1 Qe7 25. g4 Rad8 26. g5 h5 27. Bd3 Bxd3+ 28.
Rdxd3 g6 29. Rhf3 b5 30. Nxc6 Qc7 31. Nxd8 Qxc1+ 32. Rd1 Qc7 33. Nxe6 fxe6 34.
Rxf8+ Kxf8 35. axb5 Qc3 36. Qxc3 Nxc3 37. Re1 Nxb5 38. Rxe6 Kg7 39. d5 Nc7 40.
Re5 Kf7 41. d6 Bxd6 42. Rxa5 Ke6 43. Kg2 Nd5 44. Kf3 Ne7 45. Ra4 Nf5 46. Re4+
Kd5 47. Ra4 Bc5 48. Ke2 Bd4 49. Ra5+ Ke4 50. f3+ Kf4 51. Ra4 Kg3 52. Kd3 Be5
53. Ke4 Bf4 54. Ra1 Nxh4 55. Rg1+ Kf2 56. Ra1 Bxg5 57. f4 Be7 58. Ra6 Kg3 59.
Re6 Bd8 60. Rd6 Bc7 61. Rf6 Kg4 62. Rf7 Ba5 63. Rf6 Bd2 64. Rf7 Ng2 65. f5
gxf5+ 66. Rxf5 Bg5 67. Rf8 h4 68. Rh8 Nf4 69. Rxh4+ Bxh4 70. Ke5 Be7 71. Ke4
Kg5 72. Ke5 Bf6+ 73. Ke4 Bg7 74. Kf3 Kf5 75. Ke3 Bc3 76. Kf3 Nd5 77. Kg3 Ke4
78. Kf2 Be5 79. Ke2 Bf4 80. Kf2 Nc3 81. Kg2 Bd6 82. Kf2 Kf4 83. Kg2 Ne4 84. Kf1
Kf3 85. Ke1 Ke3 86. Kf1 Bf4 87. Kg2 Bg5 88. Kf1 Kf3 89. Ke1 Nc3 90. Kf1 Bd2 91.
Kg1 Bf4 92. Kf1 Bg3 93. Kg1 Ne4 94. Kf1 Bd6 95. Ke1 Bc5 96. Kd1 Ke3 97. Kc2 Nd2
98. Kc3 Ke2 99. Kc2 Ne4 100. Kb3 Kd3 101. Ka4 Kc4 102. Ka5 Nd6 103. Ka6 Be3
104. Ka5 1/2-1/2

[Event "4NCL/Div2/IIT2-TWR"]
[Site "Rd10-Birmingham"]
[Date "2000.04.30"]
[Round "10.5"]
[White "Ghasi, Sumeet"]
[Black "Wooldridge, Leon"]
[Result "0-1"]
[WhiteElo "1640"]
[BlackElo "2185"]
[PlyCount "52"]
[EventDate "2000.04.30"]

1. e4 c5 2. Nf3 d6 3. d4 cxd4 4. Nxd4 Nf6 5. Nc3 a6 6. Be2 e5 7. Nb3 Be7 8. Be3
O-O 9. a4 b6 10. Nd5 Nxd5 11. Qxd5 Ra7 12. a5 Nd7 13. axb6 Bb7 14. Qa5 Ra8 15.
f3 Bh4+ 16. g3 Bg5 17. Bf2 f5 18. Bc4+ Kh8 19. Bd5 Qc8 20. c3 fxe4 21. fxe4
Rxf2 22. Kxf2 Nf6 23. h4 Bxd5 24. hxg5 Ng4+ 25. Kf3 Qf5+ 26. Ke2 Qxe4+ 0-1

[Event "4NCL/Div2/IIT2-TWR"]
[Site "Rd10-Birmingham"]
[Date "2000.04.30"]
[Round "10.6"]
[White "Mogasha, Chilipi"]
[Black "Houska, Mario"]
[Result "1/2-1/2"]
[WhiteElo "2200"]
[BlackElo "1560"]
[PlyCount "33"]
[EventDate "2000.04.30"]

1. e4 d5 2. exd5 Qxd5 3. Nc3 Qa5 4. h3 Nf6 5. Nf3 c6 6. Bc4 Bf5 7. O-O e6 8.
Re1 Bd6 9. d3 O-O 10. Bd2 Qc7 11. Ne4 Nbd7 12. Nxd6 Qxd6 13. Bc3 Nd5 14. Bxd5
exd5 15. Qd2 Rfe8 16. Rxe8+ Rxe8 17. Re1 1/2-1/2

[Event "4NCL/Div2/IIT2-TWR"]
[Site "Rd10-Birmingham"]
[Date "2000.04.30"]
[Round "10.7"]
[White "Barraclough, David"]
[Black "Jones, Rupert"]
[Result "1/2-1/2"]
[WhiteElo "1312"]
[BlackElo "1776"]
[PlyCount "30"]
[EventDate "2000.04.30"]

1. e4 d5 2. exd5 Nf6 3. d4 Bg4 4. Nf3 Qxd5 5. Be2 Nc6 6. Be3 e6 7. O-O Be7 8.
c4 Qd7 9. Nc3 O-O-O 10. Qb3 h5 11. Rfd1 h4 12. d5 Na5 13. dxe6 Qxd1+ 14. Qxd1
Rxd1+ 15. Rxd1 Bxe6 1/2-1/2

[Event "4NCL/Div2/IIT2-TWR"]
[Site "Rd10-Birmingham"]
[Date "2000.04.30"]
[Round "10.8"]
[White "Barnes, Lara"]
[Black "Barraclough, Stephanie"]
[Result "1-0"]
[WhiteElo "1640"]
[BlackElo "1160"]
[PlyCount "37"]
[EventDate "2000.04.30"]

1. e3 Nf6 2. Nc3 g6 3. f4 Bg7 4. Nf3 O-O 5. Be2 d6 6. O-O Nc6 7. d3 Bd7 8. Bd2
e5 9. e4 h6 10. Qe1 Re8 11. f5 Kh7 12. fxg6+ fxg6 13. Qh4 Qe7 14. g4 Qf8 15.
Nd5 Rac8 16. Ng5+ Kg8 17. Nh3 Re6 18. g5 hxg5 19. Nxg5 1-0

[Event "4NCL/Div2/KHD-SL2"]
[Site "Rd10-Birmingham"]
[Date "2000.04.30"]
[Round "10.1"]
[White "Berry, Stephen"]
[Black "Houska, Jovanka"]
[Result "1-0"]
[WhiteElo "2275"]
[BlackElo "2282"]
[PlyCount "117"]
[EventDate "2000.04.30"]

1. e4 d5 2. exd5 Qxd5 3. Nf3 Bg4 4. Be2 Nf6 5. O-O e6 6. d4 Be7 7. c4 Qd6 8.
Nc3 a6 9. Qb3 Qb4 10. Bf4 Qxb3 11. axb3 c6 12. h3 Bf5 13. g4 Bg6 14. Ne5 Nbd7
15. Nxg6 hxg6 16. Kg2 O-O 17. Rfd1 Rfd8 18. Bf3 Rac8 19. Rd2 Nb6 20. Rad1 Rd7
21. Be3 Na8 22. d5 cxd5 23. cxd5 Nxd5 24. Nxd5 exd5 25. Bxd5 Bb4 26. Rd3 Ba5
27. Bf3 Rxd3 28. Rxd3 b5 29. Rd6 Nc7 30. Rc6 Kf8 31. b4 Bxb4 32. Bb6 Ke7 33.
Rxc7+ Rxc7 34. Bxc7 Kd7 35. Bb6 Bd6 36. Bd4 f6 37. Bd5 g5 38. Kf3 a5 39. Ke4
Bb4 40. Kf5 Kd6 41. Bg8 Ke7 42. Kg6 Kf8 43. Bd5 Bd6 44. Bc6 a4 45. Bxb5 a3 46.
bxa3 Bxa3 47. Bc4 Bd6 48. Kf5 Ke7 49. Be3 Bb4 50. Ke4 Kd6 51. Ba2 Ba3 52. Kf5
Ke7 53. Kg6 Kf8 54. f4 gxf4 55. Bxf4 Bc5 56. h4 Bb4 57. h5 Bc3 58. Bd6+ Ke8 59.
Ba3 1-0

[Event "4NCL/Div2/KHD-SL2"]
[Site "Rd10-Birmingham"]
[Date "2000.04.30"]
[Round "10.2"]
[White "Buckley, Graeme"]
[Black "McMichael, Rick"]
[Result "1-0"]
[WhiteElo "2355"]
[BlackElo "2261"]
[PlyCount "147"]
[EventDate "2000.04.30"]

1. d4 e6 2. c4 f5 3. g3 Nf6 4. Bg2 d5 5. Nh3 c6 6. O-O Bd6 7. b3 Qe7 8. Bf4
Bxf4 9. Nxf4 O-O 10. Nd2 Bd7 11. Nf3 Be8 12. Qc2 Ne4 13. Ne5 Nd7 14. Nxd7 Bxd7
15. f3 Nd6 16. e4 dxc4 17. e5 Nb5 18. Qxc4 Nc7 19. Rfc1 Be8 20. Qc5 Qd7 21. Rd1
g5 22. Nh3 h6 23. f4 Bh5 24. Rd3 g4 25. Nf2 Rfd8 26. b4 Be8 27. a4 Nd5 28. Nd1
b6 29. Qc4 a5 30. bxa5 Rxa5 31. Rc1 Qa7 32. Nb2 c5 33. Ra3 Qe7 34. Rca1 Nb4 35.
Rd1 Bb5 36. Qb3 Be2 37. Rd2 Ba6 38. Nc4 Bxc4 39. Qxc4 Nd5 40. Rad3 Nb4 41. Ra3
b5 42. Qb3 Rxa4 43. Rxa4 bxa4 44. Qxa4 Rxd4 45. Rxd4 cxd4 46. Kf2 d3 47. Ke1
Kg7 48. Qb5 Kf7 49. Qb6 h5 50. Kd2 h4 51. gxh4 Qxh4 52. Qb7+ Kg6 53. Qxb4 Qxh2
54. Qb7 Qxf4+ 55. Kxd3 Qxe5 56. Bc6 Kg5 57. Qe7+ Kf4 58. Qb4+ Kg3 59. Qb6 Qe1
60. Qb3 f4 61. Kd4+ f3 62. Be4 Qd2+ 63. Kc5 Kf2 64. Kc6 Qe3 65. Qxe6 Qc3+ 66.
Kd7 Qd2+ 67. Ke7 g3 68. Qb6+ Qe3 69. Qb2+ Qe2 70. Qd4+ Kg2 71. Kf7 Qf2 72. Qd3
Kh2 73. Qd6 Kg1 74. Qf4 1-0

[Event "4NCL/Div2/KHD-SL2"]
[Site "Rd10-Birmingham"]
[Date "2000.04.30"]
[Round "10.3"]
[White "Thomas, Richard"]
[Black "Tucker, Alex"]
[Result "1/2-1/2"]
[WhiteElo "2265"]
[BlackElo "2192"]
[PlyCount "121"]
[EventDate "2000.04.30"]

1. d4 d5 2. Nf3 Nf6 3. c4 c6 4. Nc3 dxc4 5. a4 Bf5 6. e3 e6 7. Bxc4 Bb4 8. O-O
O-O 9. Nh4 Nbd7 10. f3 Nb6 11. Bb3 Nfd5 12. Nxf5 exf5 13. Qd3 Ne7 14. e4 c5 15.
d5 Ng6 16. Qe2 f4 17. g3 Qf6 18. gxf4 Nxf4 19. Qd2 g5 20. Kh1 Nd7 21. Qf2 Ne5
22. Bxf4 gxf4 23. Rad1 c4 24. Bc2 b6 25. Nb5 Bc5 26. Nd4 Bxd4 27. Qxd4 Rfd8 28.
Rd2 Kh8 29. Rg2 Rg8 30. Rfg1 Rg6 31. Bd1 Rag8 32. Be2 Rc8 33. Rxg6 hxg6 34. Rc1
a6 35. b3 Qd6 36. bxc4 Rc5 37. Qb2 f6 38. Rb1 Nd7 39. Kg2 Kg7 40. Rc1 g5 41.
Rb1 Rc8 42. Bf1 Qc5 43. Qf2 Qa3 44. Qb2 Qxb2+ 45. Rxb2 a5 46. Kf2 Rb8 47. c5
Nxc5 48. Bb5 Kf7 49. Kg2 Ke7 50. h4 gxh4 51. Kh3 Kd6 52. Rg2 Ke5 53. Rg7 Rh8
54. Re7+ Kd6 55. Rf7 Ke5 56. Rg7 Kd6 57. Rg4 Ke5 58. Rxh4 Rxh4+ 59. Kxh4 Nb7
60. Kg4 Nd6 61. Bd3 1/2-1/2

[Event "4NCL/Div2/KHD-SL2"]
[Site "Rd10-Birmingham"]
[Date "2000.04.30"]
[Round "10.4"]
[White "Richmond, Robert"]
[Black "Mackenzie, Colin"]
[Result "1/2-1/2"]
[WhiteElo "2238"]
[BlackElo "2138"]
[PlyCount "180"]
[EventDate "2000.04.30"]

1. d4 e6 2. c4 Nf6 3. Nc3 Bb4 4. e3 c5 5. Nge2 O-O 6. a3 cxd4 7. exd4 Be7 8. g3
d5 9. cxd5 Nxd5 10. Bg2 Nc6 11. O-O Nxc3 12. bxc3 Bd7 13. Rb1 Na5 14. Qd3 Rc8
15. Bxb7 Nxb7 16. Rxb7 Bc6 17. Rb1 e5 18. Qe3 Re8 19. c4 exd4 20. Nxd4 Ba4 21.
Nf5 Bf6 22. Qf4 Be5 23. Qg4 h5 24. Qxh5 Rxc4 25. Rb7 Qf6 26. Ne3 g6 27. Qe2 Re4
28. f3 Qc6 29. fxe4 Qxb7 30. Qc4 Bb3 31. Qd3 Qb6 32. Kg2 Rd8 33. Nd5 Bxd5 34.
exd5 Qc5 35. Rd1 Rc8 36. Be3 Qc2+ 37. Rd2 Qxd3 38. Rxd3 a6 39. Kf3 Bd6 40. h3
Kf8 41. h4 Rc4 42. Rb3 Ra4 43. Bc1 Rd4 44. Rb6 Rxd5 45. Rxa6 Ke7 46. Bf4 Bxf4
47. Kxf4 Rd1 48. a4 Rf1+ 49. Kg5 Rg1 50. Kg4 Rc1 51. a5 Rc3 52. Kf4 Ra3 53. g4
Kf8 54. Kg5 Kg7 55. Ra7 Ra1 56. h5 gxh5 57. Kxh5 Rh1+ 58. Kg5 Ra1 59. Kf5 Rf1+
60. Ke5 Rg1 61. Kf5 Rf1+ 62. Kg5 Ra1 63. a6 Ra5+ 64. Kh4 Ra4 65. Kh5 Ra5+ 66.
Kh4 Ra4 67. Kh5 Ra5+ 68. g5 Ra4 69. Ra8 Ra5 70. Kg4 Ra4+ 71. Kf5 Ra5+ 72. Kf4
Ra4+ 73. Ke5 Ra5+ 74. Kd6 Rxg5 75. Kc7 Ra5 76. Kb6 Ra1 77. Rd8 Rb1+ 78. Ka7 Kf6
79. Rd6+ Ke5 80. Rb6 Ra1 81. Kb7 f5 82. a7 Rxa7+ 83. Kxa7 f4 84. Rb8 Ke4 85.
Kb6 f3 86. Kc5 f2 87. Rf8 Ke3 88. Kc4 Ke2 89. Re8+ Kf3 90. Rf8+ Ke2 1/2-1/2

[Event "4NCL/Div2/KHD-SL2"]
[Site "Rd10-Birmingham"]
[Date "2000.04.30"]
[Round "10.5"]
[White "Compton, Alistair"]
[Black "Armstrong, Malcolm"]
[Result "1/2-1/2"]
[WhiteElo "2093"]
[BlackElo "2146"]
[PlyCount "128"]
[EventDate "2000.04.30"]

1. e4 c6 2. d4 d5 3. e5 Bf5 4. Nc3 Qb6 5. g4 Bd7 6. Na4 Qc7 7. Nc5 e6 8. Nxd7
Nxd7 9. f4 Ne7 10. Bd3 c5 11. c3 Nc6 12. Nf3 cxd4 13. cxd4 Qb6 14. Be3 Bb4+ 15.
Kf1 Be7 16. Qe2 Nb4 17. Bb5 Rc8 18. Ba4 Qa5 19. Bb3 O-O 20. Kg2 Qa6 21. Qd2 Nb6
22. a3 Nc6 23. Rac1 Na5 24. Ba2 Nac4 25. Qf2 Qb5 26. b3 Nxe3+ 27. Qxe3 Bxa3 28.
Rxc8 Rxc8 29. Bb1 g6 30. f5 Bb4 31. Rf1 Rc3 32. Qf4 Qe2+ 33. Rf2 Qe3 34. Qxe3
Rxe3 35. fxe6 fxe6 36. Ng5 Rxb3 37. Ba2 Rd3 38. Nxe6 a5 39. Bb1 Rd2 40. Nd8
Rxd4 41. Nxb7 Rxg4+ 42. Kf3 Rg1 43. Ba2 Re1 44. Kf4 Bc3 45. Rc2 Bxe5+ 46. Kf3
Rh1 47. Re2 Rxh2 48. Bxd5+ Nxd5 49. Rxe5 Nf6 50. Rxa5 Kg7 51. Nd6 Rd2 52. Ra7+
Kh6 53. Ra6 Rd5 54. Nc4 Rf5+ 55. Kg2 Kg5 56. Nd6 Rd5 57. Nf7+ Kf5 58. Nh6+ Ke5
59. Nf7+ Kf5 60. Nh6+ Kf4 61. Rxf6+ Kg5 62. Rd6 Rxd6 63. Nf7+ Kf4 64. Nxd6 g5
1/2-1/2

[Event "4NCL/Div2/KHD-SL2"]
[Site "Rd10-Birmingham"]
[Date "2000.04.30"]
[Round "10.6"]
[White "Ghasi, Ameet"]
[Black "Cawte, Paul"]
[Result "1/2-1/2"]
[WhiteElo "2032"]
[BlackElo "2150"]
[PlyCount "66"]
[EventDate "2000.04.30"]

1. Nf3 Nf6 2. d4 d6 3. c4 Bg4 4. Nc3 Nbd7 5. e3 e5 6. Be2 c6 7. O-O Be7 8. b3
O-O 9. Bb2 Re8 10. Qc2 Bf8 11. Rfe1 a6 12. Rad1 Qc7 13. h3 Bh5 14. dxe5 dxe5
15. Ng5 Bg6 16. Bd3 Nc5 17. Bxg6 hxg6 18. Nce4 Nfxe4 19. Nxe4 Nxe4 20. Qxe4
Rad8 21. Rxd8 Qxd8 22. Qc2 Qc7 23. Rd1 Be7 24. Rd2 Rd8 25. Rxd8+ Bxd8 26. Qd2
Bf6 27. Bc3 e4 28. Bxf6 gxf6 29. Qd4 Qa5 30. Qxf6 Qxa2 31. Qd8+ Kg7 32. Qd4+
Kg8 33. Qd8+ Kg7 1/2-1/2

[Event "4NCL/Div2/KHD-SL2"]
[Site "Rd10-Birmingham"]
[Date "2000.04.30"]
[Round "10.7"]
[White "Gilfillan, Andrew"]
[Black "De Coverly, Roger"]
[Result "1-0"]
[WhiteElo "1976"]
[BlackElo "2096"]
[PlyCount "81"]
[EventDate "2000.04.30"]

1. d4 Nf6 2. Bg5 c5 3. d5 Ne4 4. Bf4 Qb6 5. Qc1 c4 6. e3 Qa5+ 7. Nd2 c3 8. bxc3
Qxc3 9. Ne2 Qa5 10. f3 Nf6 11. e4 e6 12. c4 Ba3 13. Qc2 O-O 14. Rb1 exd5 15.
cxd5 Na6 16. Nc3 Nh5 17. Rb5 Qd8 18. Be3 Qh4+ 19. g3 Nxg3 20. Bf2 Bd6 21. Bg2
Nb4 22. Qb1 Qf6 23. Rxb4 Qxc3 24. Rc4 Qf6 25. hxg3 b5 26. Rc1 Ba6 27. f4 g6 28.
O-O Ba3 29. e5 Qg7 30. Rc7 g5 31. Ne4 gxf4 32. gxf4 Kh8 33. Qb3 Rg8 34. Qh3 b4
35. Re1 Rac8 36. Rxa7 Bd3 37. Bh4 Bxe4 38. Rxe4 Rc1+ 39. Kh2 Rc2 40. Bf6 Rxg2+
41. Qxg2 1-0

[Event "4NCL/Div2/KHD-SL2"]
[Site "Rd10-Birmingham"]
[Date "2000.04.30"]
[Round "10.8"]
[White "Hunt, Malcolm"]
[Black "Kelly, Alexandra"]
[Result "1-0"]
[WhiteElo "1984"]
[BlackElo "1576"]
[PlyCount "71"]
[EventDate "2000.04.30"]

1. d4 Nf6 2. Bg5 g6 3. Bxf6 exf6 4. c4 Bg7 5. e3 O-O 6. Nc3 b6 7. Be2 Bb7 8.
Bf3 Bxf3 9. Qxf3 Nc6 10. Nge2 Ne7 11. O-O d6 12. Rfd1 Qd7 13. Rac1 Rfd8 14. b4
Qc6 15. Qxc6 Nxc6 16. Nd5 Rac8 17. b5 Na5 18. Ne7+ Kf8 19. Nxc8 Rxc8 20. c5 Ke7
21. cxb6 axb6 22. Nf4 Nb7 23. Rc2 Nd8 24. Rdc1 Ne6 25. Nxe6 Kxe6 26. Rxc7 Ra8
27. Rb7 Rxa2 28. Rb1 f5 29. g3 Bf6 30. Rxb6 f4 31. gxf4 Bh4 32. Rf1 Kd5 33. Rb7
Ke4 34. Kg2 Rb2 35. Rxf7 Rxb5 36. Rxh7 1-0

[Event "4NCL/Div2/NID-3Cs"]
[Site "Rd10-Birmingham"]
[Date "2000.04.30"]
[Round "10.1"]
[White "Williams, Leighton"]
[Black "Longson, Alex"]
[Result "1/2-1/2"]
[WhiteElo "2300"]
[BlackElo "2148"]
[PlyCount "54"]
[EventDate "2000.04.30"]

1. e4 c5 2. Nf3 d6 3. Bb5+ Bd7 4. Bxd7+ Qxd7 5. O-O Nc6 6. c3 Nf6 7. d4 Nxe4 8.
d5 Ne5 9. Re1 Nxf3+ 10. Qxf3 Nf6 11. c4 e5 12. dxe6 fxe6 13. Qe2 Be7 14. Qxe6
Qxe6 15. Rxe6 Kf7 16. Re2 d5 17. Nd2 Rhe8 18. cxd5 Nxd5 19. Nc4 Rad8 20. Bd2
Bf6 21. Rxe8 Kxe8 22. Re1+ Kf7 23. a4 Nb6 24. Nxb6 axb6 25. Bc3 Bxc3 26. bxc3
Rd2 27. Rb1 Ra2 1/2-1/2

[Event "4NCL/Div2/NID-3Cs"]
[Site "Rd10-Birmingham"]
[Date "2000.04.30"]
[Round "10.2"]
[White "Adams, Phil"]
[Black "Fish, Andrew"]
[Result "1/2-1/2"]
[WhiteElo "2072"]
[BlackElo "2116"]
[PlyCount "51"]
[EventDate "2000.04.30"]

1. e4 e6 2. d4 d5 3. Nc3 Bb4 4. exd5 exd5 5. Bd3 Nf6 6. Nge2 Bg4 7. f3 Bh5 8.
O-O O-O 9. Bg5 c6 10. Ng3 Bg6 11. f4 Bxd3 12. Qxd3 Nbd7 13. Nf5 Qc7 14. Bh6 g6
15. Bxf8 Bxf8 16. Ng3 Qb6 17. Kh1 Rd8 18. Nge2 Bg7 19. Ng1 c5 20. Nf3 cxd4 21.
Nxd4 Nc5 22. Qb5 Qc7 23. Rad1 a6 24. Qe2 b5 25. a3 Qb6 26. b4 1/2-1/2